000 00597nam a22001937a 4500
003 OSt
005 20251205081033.0
008 251205b |||||||| |||| 00| 0 eng d
020 _a0-323-01141-1.
040 _aDWCL-Main lib
_cOC
082 _25th ed.
_aCirc. 610.73 P866f 2001
100 _aPatricia A. Potter
245 _aFundamentals of Nursing
_cPatricia A. Potter
260 _aSt. Louis :
_bMosby,
_cc2001.
300 _axxxvii, 1785 pages :
_bcolored illustration ;
_c28 cm. + 1 CD-ROM.
651 _21. Nursing,
700 _aPerry, Ann Griffin
942 _2ddc
_cBK-CIRC
_e5th ed.
_kCirc.
_n0
999 _c6961
_d6961